000 00868nam a2200253Ia 4500
003 OSt
005 20221005103153.0
006 a|||||r|||| 00| 0
007 ta
008 221004b |||||||| |||| 00| 0 hin d
024 _a4339
037 _bGift, 18/05/2013,
_cTextual
040 _aCRL
_cCRL
_bhin
041 _2hin
_ahin
082 _aO152,1N26x, J4
100 _aभारती, धर्मवीर
245 0 _aसात गीत वर्ड्ढ
246 _aSāt gīt varḍḍha
260 _aकलकत्ता
_bभारतीय ज्ञानपीठ प्रकाशन भारत
_c1954
300 _a126पृ0
_ccm.
650 _aहिन्दी साहित्य
942 _hO152,1N26x, J4
_cTEXL
_2cc
999 _c1009547
_d1009547